00860nam a22002177a 450000500170000000800410001702000150005805000250007324501440009825000110024226000480025330000210030149000480032250400270037065000620039765000570045970000290051670000260054570000310057170000400060220240213133720.0140709s2000 mx gr|||| 00| 0 spa|| a968842998804aJF1358.S6 bP76 200000aProblemas públicos y agenda de gobiernoc / Charles D. Elder,...[et al.] ; Luis F. Aguilar Villanueva (estudio introductorio y edición) a3a ed. aMéxico : bMiguel Ángel Porrúa,c2000 a285 p. ;c23 cm.0 aAntologías de Política Públicavno. 3 aIncluye bibliografía 72lembaAdministración públicaxSolución de problemas 72lembaAdministración públicaxToma de decisiones1 aElder, Charles D.eautor1 aCobb, Roger W.eautor1 aNelson, Barbara J.eautora1 aAguilar Villanueva, Luis F.eeditor